header

Introduction to Financial Accounting:a user perspective (Record no. 253160)

MARC details
000 -LEADER
fixed length control field 00555nam a22001817a 4500
003 - CONTROL NUMBER IDENTIFIER
control field OSt
005 - DATE AND TIME OF LATEST TRANSACTION
control field 20160420122921.0
008 - FIXED-LENGTH DATA ELEMENTS--GENERAL INFORMATION
fixed length control field 160420b xxu||||| |||| 00| 0 eng d
010 ## - LIBRARY OF CONGRESS CONTROL NUMBER
LC control number 956526
020 ## - INTERNATIONAL STANDARD BOOK NUMBER
International Standard Book Number 0132287684
040 ## - CATALOGING SOURCE
Transcribing agency n/a
050 ## - LIBRARY OF CONGRESS CALL NUMBER
Classification number HF5635
Item number .I 657 1996
100 ## - MAIN ENTRY--PERSONAL NAME
Personal name Jones Kumen H,.
245 ## - TITLE STATEMENT
Title Introduction to Financial Accounting:a user perspective
Statement of responsibility, etc Kumen H. Jones;Jean B. Price;Michael L.Werner & Martha S.Doran
260 ## - PUBLICATION, DISTRIBUTION, ETC. (IMPRINT)
Place of publication, distribution, etc Englewood Cliffs,New Jersy
Name of publisher, distributor, etc Prentice Hall
Date of publication, distribution, etc c1996
300 ## - PHYSICAL DESCRIPTION
Extent xix,520p
Other physical details ill
Dimensions 28cm
942 ## - ADDED ENTRY ELEMENTS (KOHA)
Source of classification or shelving scheme Library of Congress Classification
Koha item type Long Loan Books
Holdings
Withdrawn status Lost status Source of classification or shelving scheme Damaged status Not for loan Collection code Home library Current library Shelving location Date acquired Total Checkouts Full call number Barcode Date last seen Date checked out Price effective from Koha item type
    Library of Congress Classification     Non-fiction Rongo University Library Rongo University Library General Stacks 20/04/2016 2 HF5635 .I 657 1996 201611272 06/03/2026 29/09/2023 20/04/2016 Long Loan Books

© 2026 Rongo University
Contact us: librarian | system librarian | Rongo university